01231cas a22002893 450000100090000000300090000900500170001800800410003501000170007604000330009304300120012605000160013808200140015424501650016826000850033330000570041836200300047550400520050551500360055755001110059355500390070465000210074365100370076470000320080171000660083378500420089910535696BDDh-ASL20231015030142.0920213d19711872ii u 0 0eng  a 11028560  aBDDh-ASLcBDDh-ASLdBDDh-ASL aa-ii---00aDS416b.N39 a954bBUI 04aThe Indian antiquary, Vol.-4, (1875) :ba journal of oriental research in archaeology, history, literature, languages, folklore, etc. /cedited by Jas. Burgess. aBombay :bThacker, Vining,bIndological book reprint corporation, c1872-c1971. av-4 :bill., maps, plans, facsims., tables ;c26 cm.0 av. 1 (1872)-v. 62 (1933). aIncludes bibliographical references and index.  aVols. 14-62 called also ser. 2. aVols. for 1925-1932 "published under the authority of the Council of the Royal Anthropological Institute." aV. 1-50, 1872-1921. 3 pts. in 2 v. 0aIndic philology. 0aIndiaxAntiquitiesvPeriodicals.1 aBurgess, James,d1832-1916.2 aRoyal Anthropological Institute of Great Britain and Ireland.00tNew Indian antiquaryw(DLC) s38000083